01869nam a22003497a 4500003000400000005001700004008004100021040002200062082001500084110003300099245001400132260006200146300001800208366000800226490002300234505034300257505001000600505030400610505001500914650004600929650004400975650005201019650004801071650004701119650004701166650004601213650004901259651004501308942002601353999001501379952012501394OSt20230525095537.0221006b |||||||| |||| 00| 0 eng d cBiblioteca Lado V a700bG599c 9831aGoethe-InstituteEditor aHumboldt/ bSDV Saarbrucker Druckerei und Verlag GmbHc2003aAlemania c21x28cma76p. espa a139v45x0018-7615 aEl escándalo del poder...gUlrich Beck Jurgen Habermas Gunther Maihold Fernando Bryce El accidente es universal El bracero de una identidad globalizada Los sacrificios humanos en el teatro musical moderno El dramaturgo y los señores de la guerra Nosotros, los vandalos El quinto censor Gunter Muchler Un terremoto en Chile aNotas aMiscelaneagAztecas Voyeurismo en el lupanar De la necesidad de dar buena acogida a las mujeres extranjeras Revaluacion de dos artistas Hacia nuevas orillas literarias Lo que me atrae es la linea curva y sensual El diablo trsita La cabeza es redonda para las ideas pueden cambiar de direccion aNoticiario 2Tesauro de Arte & ArquitecturaaARTE9703 2Tesauro de Arte & ArquitecturaaPINTURA 2Tesauro de Arte & ArquitecturaaFOTOGRAFIA9702 2Tesauro de Arte & ArquitecturaaENTREVISTAS 2Tesauro de Arte & ArquitecturaaMISCELANEA 2Tesauro de Arte & ArquitecturaaREPORTAJES 2Tesauro de Arte & ArquitecturaaESPAÑOL 2Tesauro de Arte & ArquitecturaaARTE EUROPEO 2Tesauro de Arte & ArquitecturaaALEMANIA 2ddcc1h700iG599cn0 c3729d3729 00102ddc34540708RevistasaLVbLVd2023-05-25h139i003412l0o700 G599hp003412r2023-05-25 00:00:00w2023-05-25y1